Observaciones lexicológicas y gramaticales : (Record no. 149728)
[ view plain ]
| 000 -LEADER | |
|---|---|
| campo de control de longitud fija | 01115nam a2200229 i 4500 |
| 001 - NÚMERO DE CONTROL | |
| campo de control | 149728 |
| 003 - IDENTIFICADOR DE NÚMERO DE CONTROL | |
| campo de control | ES-MaACL |
| 005 - FECHA Y HORA DE LA ÚLTIMA TRANSACCIÓN | |
| campo de control | 20250730172206.0 |
| 007 - CAMPO FIJO DE DESCRIPCIÓN FÍSICA--INFORMACIÓN GENERAL | |
| campo de control de longitud fija | t| |
| 008 - DATOS DE LONGITUD FIJA--INFORMACIÓN GENERAL | |
| campo de control de longitud fija | 071024s1956 cu ||||1| spa d |
| 100 1# - ENTRADA PRINCIPAL--NOMBRE DE PERSONA | |
| Nombre de persona | Varona, Enrique José ( |
| Fechas asociadas al nombre | 1849-1933) |
| 9 (RLIN) | 153535 |
| 245 10 - MENCIÓN DEL TÍTULO | |
| Título | Observaciones lexicológicas y gramaticales : |
| Resto del título | (compilación de artículos... del primer director que tuvo la Academia Cubana de la Lengua, que... presenta al II Congreso de Academias de la Lengua, que bajo los auspicios de la Real Academia Española se celebrará en Madrid del 21 al 2 de mayo del año en curso) ) / |
| Mención de responsabilidad, etc. | Enrique José Varona. |
| 260 ## - PUBLICACIÓN, DISTRIBUCIÓN, ETC. | |
| Lugar de publicación, distribución, etc. | La Habana : |
| Nombre del editor, distribuidor, etc. | P. Fernández y Cia, |
| Fecha de publicación, distribución, etc. | 1956. |
| 300 ## - DESCRIPCIÓN FÍSICA | |
| Extensión | 58 p. ; |
| Dimensiones | 25 cm. |
| 490 1# - MENCIÓN DE SERIE | |
| Mención de serie | Publicaciones de la Academia Cubana de la Lengua |
| 650 07 - PUNTO DE ACCESO ADICIONAL DE MATERIA--TÉRMINO DE MATERIA | |
| Término de materia o nombre geográfico como elemento de entrada | Lengua española |
| Fuente del encabezamiento o término | embne |
| 9 (RLIN) | 14115 |
| 710 0# - ENTRADA AGREGADA--NOMBRE DE ENTIDAD CORPORATIVA | |
| Nombre de entidad corporativa o nombre de jurisdicción como elemento de entrada | Academia Cubana de la Lengua. |
| 9 (RLIN) | 1158 |
| 711 04 - ENTRADA AGREGADA--NOMBRE DE REUNIÓN | |
| Nombre de congreso/reunión o jurisdicción como elemento de entrada | Congreso de Academias de la Lengua Española ( |
| Número del congreso/reunión o número de parte o sección | 2º. |
| Fecha del congreso o de la firma del tratado | 1956. |
| Sede del congreso/Lugar de la reunión | Madrid) |
| 9 (RLIN) | 291 |
| 830 0# - PUNTO DE ACCESO ADICIONAL DE SERIE-TÍTULO UNIFORME | |
| Título uniforme | Publicaciones de la Academia Cubana de la Lengua |
| 9 (RLIN) | 221108 |
| 852 ## - LOCALIZACIÓN | |
| Ubicación | ES-MaACL |
| Número de control de estantería | 2014-F-14 |
| Sublocalización o colección | R.38897 |
| Estatus retirado | Estado de pérdida | Estado de daño | No para préstamo | Colección | Biblioteca de origen | Biblioteca actual | Ubicación en estantería | Fecha de adquisición | Fuente de adquisición | Total de préstamos | Signatura topográfica completa | Código de barras | Visto por última vez | Precio de reemplazo | Tipo de ítem Koha |
|---|---|---|---|---|---|---|---|---|---|---|---|---|---|---|---|
| Colección de folletos | Biblioteca del Ateneo de Madrid | Biblioteca del Ateneo de Madrid | Depósito folletos | 17/01/2008 | 2014-F-14 | 1156244 | 23/02/2023 | 23/02/2023 | Folleto |
